7 Secrets of Vishnu : From the Hindu Trinity Series (Record no. 96692)

MARC details
000 -LEADER
fixed length control field 00601nam a2200229Ia 4500
005 - DATE AND TIME OF LATEST TRANSACTION
control field 20230430091113.0
008 - FIXED-LENGTH DATA ELEMENTS--GENERAL INFORMATION
fixed length control field 230125s9999 xx 000 0 und d
020 ## - INTERNATIONAL STANDARD BOOK NUMBER
International Standard Book Number 978-93-86224-05-7
041 ## - LANGUAGE CODE
Language code of text/sound track or separate title eng
082 ## - DEWEY DECIMAL CLASSIFICATION NUMBER
Classification number 823
Item number PAT
100 ## - MAIN ENTRY--PERSONAL NAME
Author Pattanaik D
245 ## - TITLE STATEMENT
Title 7 Secrets of Vishnu : From the Hindu Trinity Series
250 ## - EDITION STATEMENT
Edition statement 1st Ed.
260 ## - PUBLICATION, DISTRIBUTION, ETC.
Date of publication, distribution, etc. 2016
Name of publisher, distributor, etc. Westland Publications
Place of publication, distribution, etc. Chennai
300 ## - PHYSICAL DESCRIPTION
Extent 232p
500 ## - GENERAL NOTE
Keywords English Literature<br/>
650 ## - SUBJECT ADDED ENTRY--TOPICAL TERM
Topical term or geographic name entry element English Literature
700 ## - ADDED ENTRY--PERSONAL NAME
Personal name Pattanaik D
942 ## - ADDED ENTRY ELEMENTS (KOHA)
Koha item type Books
906 ## - LOCAL DATA ELEMENT F, LDF (RLIN)
b 99.75
Holdings
Withdrawn status Lost status Damaged status Not for loan Home library Current library Date acquired Vendor Net Price Bill number Total Checkouts Total Renewals Full call number Barcode Date last seen Date last checked out Actual Price Bill Date Koha item type Original Barcode
        Smt. Hiraben Nanavati Institute of Management & Research for Women Smt. Hiraben Nanavati Institute of Management & Research for Women 13/03/2021 Forward Books 399.00 11380 7 2 823 PAT B21516 HIMR-BK-21516 30/08/2025 17/06/2025 299.25 12/03/2021 Books B21516
        Smt. Hiraben Nanavati Institute of Management & Research for Women Smt. Hiraben Nanavati Institute of Management & Research for Women 13/03/2021 Forward Books 399.00 11380 10 5 823 PAT B21517 HIMR-BK-21517 10/12/2025 17/11/2025 299.25 12/03/2021 Books B21517